000 00630nam a2200241 a 4500
003 AR-BaBNM
005 20251128204237.0
008 082120s2002 ||||||||||||||000 | spa||
020 _a84-8280-862-1
040 _cAR-BaBNM
100 1 _aFernández de Lizardi, José J.
245 0 0 _aEl periquillo sarniento
_n2
260 _aBogotá
_bLa Oveja Negra
_c1986
300 _ap. 347-695
490 0 _aHistoria de la literatura latinoamericana
_vv. 62
650 4 _aLITERATURA MEXICANA
650 4 _aBIOGRAFIAS
653 _aNARRATIVA
653 _aNOVELA PICARESCA
655 _aLITERATURA
942 _cBK
998 _cMarce
999 _c6683
_d6683